| 000 | 00527nam a22001817a 4500 | ||
|---|---|---|---|
| 003 | CEME | ||
| 005 | 20210628210703.0 | ||
| 008 | 210211b xxu||||| |||| 00| 0 eng d | ||
| 020 | _a1-85233-208-5 | ||
| 040 | _c. | ||
| 082 | _a629.8 PAD | ||
| 100 |
_aPadmanabhan, Tattamangalam.R _980545 |
||
| 245 | _aIndustrial instrumentation principles and design | ||
| 260 |
_aLONDON _bSPRINGER _c2000 |
||
| 300 | _a645P | ||
| 650 |
_aPROCESS CONTROL-INSTRUMENTS ELECTRONIC INSTRUMENTS MEASURING INSTRUMENTS _980546 |
||
| 942 |
_cBK _2ddc |
||
| 999 |
_c585462 _d585462 |
||